[Event "TUR-chT 2nd League"]
[Site "Konya"]
[Date "2019.07.26"]
[Round "7.13"]
[White "Ozcelik, Ozan"]
[Black "Ergani, Efe"]
[Result "1-0"]
[WhiteElo "1675"]
[BlackElo "1767"]
[PlyCount "125"]
[EventDate "2019.07.22"]
[EventType "team-swiss"]
[EventRounds "9"]
[EventCountry "TUR"]
[SourceTitle "CBM 191 Extra"]
[Source "ChessBase"]
[SourceDate "2019.09.30"]
[SourceVersion "1"]
[SourceVersionDate "2019.09.30"]
[SourceQuality "1"]
[WhiteTeam "Samsun Gercek"]
[BlackTeam "Hayat Genclik"]
[WhiteTeamCountry "TUR"]
[BlackTeamCountry "TUR"]

1. e4 c5 2. Nf3 d6 3. d4 cxd4 4. Nxd4 Nf6 5. Nc3 a6 6. Be2 e5 7. Nb3 b5 8. Bg5 Nbd7 9. a4 b4 10. Nd5 Rb8 11. Bc4 Be7 12. Nxe7 Qxe7 13. Qd3 Bb7 14. f3 Rc8 15. 0-0-0 h6 16. Be3 0-0 17. Na5 Ba8 18. Bxa6 d5 19. Bxc8 Rxc8 20. Qa6 Qd8 21. Rd2 d4 22. Bxd4 exd4 23. Rxd4 Qc7 24. Rc4 Nc5 25. Qb5 Nfd7 26. Qxb4 Rb8 27. Qc3 Qf4+ 28. Kb1 Qd6 29. Rb4 Rd8 30. Nc4 Qa6 31. Rd1 Rc8 32. b3 Rc6 33. Qd4 Qc8 34. Nd6 Qf8 35. Nf5 g6 36. Ne3 Nf6 37. Nd5 Nfd7 38. g3 Na6 39. Rc4 Nac5 40. Rxc5 Rxc5 41. Nf4 Bc6 42. Nd3 Ra5 43. Nb4 Bxa4 44. bxa4 Rxa4 45. c3 Qa8 46. Qxd7 Ra1+ 47. Kc2 Rxd1 48. Qxd1 Qa4+ 49. Kd2 Qd7+ 50. Nd5 Qh3 51. Qe2 Qd7 52. Ke1 Qa7 53. Kf1 h5 54. c4 h4 55. Qb2 h3 56. Nf6+ Kf8 57. Nh7+ Kg8 58. Ng5 Qd7 59. g4 Qd3+ 60. Kf2 Qxc4 61. Nxh3 Qc5+ 62. Kg2 Qe3 63. Nf2 1-0

[Event "TUR-chT 2nd League"]
[Site "Konya"]
[Date "2019.07.22"]
[Round "1.10"]
[White "Ergani, Efe"]
[Black "Buker, Muhittin"]
[Result "0-1"]
[WhiteElo "1767"]
[BlackElo "2016"]
[PlyCount "146"]
[EventDate "2019.07.22"]
[EventType "team-swiss"]
[EventRounds "9"]
[EventCountry "TUR"]
[SourceTitle "CBM 191 Extra"]
[Source "ChessBase"]
[SourceDate "2019.09.30"]
[SourceVersion "1"]
[SourceVersionDate "2019.09.30"]
[SourceQuality "1"]
[WhiteTeam "Hayat Genclik"]
[BlackTeam "Dogukisla Genclik Spor"]
[WhiteTeamCountry "TUR"]
[BlackTeamCountry "TUR"]

1. Nf3 Nf6 2. g3 b6 3. Bg2 Bb7 4. 0-0 e6 5. c4 Be7 6. Nc3 0-0 7. Qc2 d5 8. cxd5 exd5 9. d4 Na6 10. Bf4 c5 11. Rad1 Nb4 12. Qb1 c4 13. Ne5 Nh5 14. Nxc4 Nxf4 15. gxf4 Qc7 16. Ne5 f6 17. Nb5 Qd8 18. Nd3 Qd7 19. Nxb4 Qxb5 20. Nd3 Rac8 21. Rc1 Bd6 22. Bh3 Rce8 23. e3 Re7 24. Qc2 Qe8 25. Bg2 g5 26. Qb3 Qf7 27. fxg5 fxg5 28. Nb4 Rd7 29. Nc6 Kh8 30. Qd3 Qe6 31. Ne5 Bxe5 32. dxe5 Qxe5 33. Rfd1 Qxb2 34. Qd4+ Qxd4 35. Rxd4 Rfd8 36. Bf1 Kg7 37. Bb5 Re7 38. Rcd1 Rc8 39. R1d2 Rcc7 40. Be2 Re4 41. R4d3 Re5 42. Bf3 g4 43. Bxd5 Rc1+ 44. Kg2 Rxd5 45. Rxd5 Rc5 46. e4 Bxd5 47. exd5 Kf7 48. Kg3 Rc4 49. d6 Ke8 50. Re2+ Kd7 51. Re7+ Kxd6 52. Rxa7 h5 53. Ra8 Rc2 54. Kg2 h4 55. Ra4 h3+ 56. Kf1 Rc1+ 57. Ke2 Rg1 58. Ke3 Kc5 59. a3 Rg2 60. Rf4 b5 61. Re4 Rg1 62. Rb4 Ra1 63. Rxg4 Rxa3+ 64. Kd2 b4 65. Rf4 Kb5 66. Kc2 Ka4 67. Kb2 Rb3+ 68. Kc2 Ka3 69. Rf8 Rc3+ 70. Kd2 Kb2 71. f4 Rc2+ 72. Ke1 Rxh2 73. f5 Rg2 0-1

[Event "TUR-chT 2nd League"]
[Site "Konya"]
[Date "2018.07.18"]
[Round "4.9"]
[White "Ergani, Efe"]
[Black "Koc, Serkan"]
[Result "1-0"]
[WhiteElo "1717"]
[BlackElo "1658"]
[PlyCount "125"]
[EventDate "2018.07.16"]
[EventType "team-swiss"]
[EventRounds "9"]
[EventCountry "TUR"]
[SourceTitle "EXT 2019"]
[Source "ChessBase"]
[SourceDate "2018.10.10"]
[SourceVersion "1"]
[SourceVersionDate "2018.10.10"]
[SourceQuality "1"]
[WhiteTeam "Hayat Genclik"]
[BlackTeam "Samsun Gercek"]
[WhiteTeamCountry "TUR"]
[BlackTeamCountry "TUR"]

1. Nf3 d5 2. c4 d4 3. g3 c5 4. Bg2 Nc6 5. d3 e5 6. 0-0 f5 7. Na3 Nf6 8. Bg5 Be7 9. Nc2 0-0 10. a3 Bd7 11. Nd2 a5 12. e3 Ra6 13. exd4 exd4 14. Re1 Rb6 15. Rb1 Bd6 16. Nf3 Qc7 17. b4 axb4 18. axb4 cxb4 19. Ncxd4 Nxd4 20. Nxd4 Bc5 21. Nb3 Ng4 22. Nxc5 Qxc5 23. Bd5+ Kh8 24. d4 Qc8 25. Be7 f4 26. Bxf8 Qxf8 27. Bf3 fxg3 28. hxg3 h5 29. Kg2 Rf6 30. Qe2 Re6 31. Qd3 Ra6 32. Bxg4 Bxg4 33. Rb3 Ra2 34. Qe3 Qf5 35. Qf4 Bh3+ 36. Kg1 Qd7 37. Qe5 Qg4 38. Qe8+ Kh7 39. Qe4+ Qxe4 40. Rxe4 Bg4 41. Re1 Rd2 42. d5 b5 43. cxb5 Rxd5 44. Rxb4 Bc8 45. Rc1 Bb7 46. Kf1 Rd7 47. Ke2 Kg6 48. b6 Ba6+ 49. Ke3 Kf5 50. Rc5+ Ke6 51. Rxh5 Rd3+ 52. Ke4 Rd7 53. Ra5 Bb7+ 54. Ke3 Rf7 55. f4 Kd6 56. Re5 Kc6 57. Rb2 Rd7 58. g4 Ba6 59. f5 Rd3+ 60. Kf4 Rd7 61. Kg5 Kb7 62. Rc5 Be2 63. Rxe2 1-0

[Event "TUR-chT 2nd League"]
[Site "Konya"]
[Date "2018.07.17"]
[Round "2.9"]
[White "Sungu, Yagiz Kaan"]
[Black "Ergani, Efe"]
[Result "0-1"]
[WhiteElo "1445"]
[BlackElo "1717"]
[PlyCount "140"]
[EventDate "2018.07.16"]
[EventType "team-swiss"]
[EventRounds "9"]
[EventCountry "TUR"]
[SourceTitle "EXT 2019"]
[Source "ChessBase"]
[SourceDate "2018.10.10"]
[SourceVersion "1"]
[SourceVersionDate "2018.10.10"]
[SourceQuality "1"]
[WhiteTeam "Calli Spor"]
[BlackTeam "Hayat Genclik"]
[WhiteTeamCountry "TUR"]
[BlackTeamCountry "TUR"]

1. e4 c5 2. Nf3 d6 3. d4 cxd4 4. Nxd4 Nf6 5. Nc3 a6 6. Bg5 Nbd7 7. Be2 b5 8. 0-0 Bb7 9. f3 e6 10. a3 Be7 11. Kh1 0-0 12. Nb3 d5 13. exd5 Nxd5 14. Bxe7 Qxe7 15. Nxd5 Bxd5 16. Re1 Nf6 17. Bd3 Rfd8 18. Nd4 Qd6 19. Qe2 Rac8 20. a4 Bc4 21. axb5 Qxd4 22. Bxc4 Qxc4 23. Qxc4 Rxc4 24. bxa6 Ra8 25. Reb1 Nd5 26. b4 Rxb4 27. Kg1 Rxb1+ 28. Rxb1 Kf8 29. Ra1 Ke7 30. Rb1 Rxa6 31. Rb7+ Kf6 32. c4 Nf4 33. Kf2 Rc6 34. g3 Nd3+ 35. Ke2 Ne5 36. f4 Nxc4 37. Kf3 Nd6 38. Rd7 Rc3+ 39. Kg4 Ne4 40. Kh4 h6 41. Rd4 Nf2 42. Rd2 Nd3 43. Rd1 g5+ 44. fxg5+ hxg5+ 45. Kh5 Ne5 46. Rf1+ Rf3 47. Ra1 g4 48. Ra4 Rf2 49. Rf4+ Rxf4 50. gxf4 Nf3 51. Kxg4 Nxh2+ 52. Kg3 Kf5 53. Kxh2 Kxf4 54. Kg2 Ke3 55. Kf1 Kf3 56. Ke1 Kg2 57. Ke2 f5 58. Ke1 f4 59. Ke2 f3+ 60. Ke3 f2 61. Ke4 f1Q 62. Ke5 Qf5+ 63. Kd6 Kf3 64. Ke7 e5 65. Kd6 Ke4 66. Kc6 Kd4 67. Kb7 Qc2 68. Ka8 Qb1 69. Ka7 Kc5 70. Ka8 Kc6 0-1

[Event "TUR-chT 2nd League"]
[Site "Konya"]
[Date "2017.07.23"]
[Round "9.8"]
[White "Uysal, Burak"]
[Black "Ergani, Efe"]
[Result "0-1"]
[WhiteElo "1328"]
[BlackElo "1729"]
[PlyCount "134"]
[EventDate "2017.07.17"]
[EventType "team-swiss"]
[EventRounds "9"]
[EventCountry "TUR"]
[SourceTitle "EXT 2018"]
[Source "ChessBase"]
[SourceDate "2017.10.13"]
[SourceVersion "1"]
[SourceVersionDate "2017.10.13"]
[SourceQuality "1"]
[WhiteTeam "Denizli Ihtisas"]
[BlackTeam "Ankara Hayat"]
[WhiteTeamCountry "TUR"]
[BlackTeamCountry "TUR"]

1. c4 e5 2. Nc3 Nf6 3. g3 g6 4. Bg2 Bg7 5. d3 0-0 6. Nf3 d6 7. h3 c6 8. 0-0 Nbd7 9. Kh2 Nc5 10. b4 Ne6 11. Bd2 Nh5 12. Qc1 f5 13. Ng5 f4 14. Nge4 g5 15. g4 Nf6 16. Nxf6+ Rxf6 17. Ne4 Rh6 18. e3 Nf8 19. f3 Ng6 20. exf4 gxf4 21. Be1 d5 22. cxd5 cxd5 23. Nc3 Be6 24. Qd2 e4 25. d4 e3 26. Qd3 Qf6 27. Ne2 Bd7 28. a4 Qd6 29. Kg1 Bf6 30. b5 a6 31. Rb1 axb5 32. axb5 Ra4 33. Qb3 Rc4 34. Bb4 Qe6 35. Qa3 Rc8 36. Rfc1 Bxb5 37. Rxc8+ Qxc8 38. Rc1 Bc4 39. Qa7 b5 40. Qb6 Qd8 41. Qe6+ Kh8 42. Bd6 Be7 43. Bxe7 Qxe7 44. Nxf4 Qxe6 45. Nxe6 Ne7 46. Ng5 Ra6 47. Re1 Ra3 48. f4 Kg7 49. f5 h6 50. Ne6+ Kf6 51. Nc7 b4 52. Ne8+ Kf7 53. Nd6+ Kf8 54. f6 Ng6 55. Nf5 e2 56. Kf2 Nf4 57. Bf3 Nd3+ 58. Kxe2 Nxe1+ 59. Kxe1 Rxf3 60. Nxh6 Rxf6 61. g5 Rxh6 62. gxh6 Kg8 63. Kd2 Kh7 64. Kc2 Kxh6 65. Kb2 Kh5 66. Kc2 Kh4 67. Kb2 Kxh3 0-1